Giáo trình nhập môn khu vực học và Việt Nam học
Khái quát về khu vực học và Việt Nam học. Việt Nam học trong tiến trình lịch sử và trong con mắt người nước ngoài. Những gợi ý về tổ chức học tập bộ môn này
Enregistré dans:
| Auteur principal: | |
|---|---|
| Format: | Livre |
| Langue: | Vietnamese |
| Publié: |
H.
Đại học Sư phạm
2013
|
| Sujets: | |
| Tags: |
Ajouter un tag
Pas de tags, Soyez le premier à ajouter un tag!
|
| Thư viện lưu trữ: | Mạng thư viện Đại học Đà Nẵng |
|---|
| LEADER | 01378nam a2200361 4500 | ||
|---|---|---|---|
| 001 | 000025313 | ||
| 003 | 21806 | ||
| 005 | 20170925100921.0 | ||
| 008 | 170925s2013 viesd | ||
| 020 | |c 65000 | ||
| 041 | 0 | |a vie | |
| 082 | 1 | 4 | |a 959 |b TR-B |
| 100 | 1 | |a Trần Lê Bảo | |
| 245 | 1 | 0 | |a Giáo trình nhập môn khu vực học và Việt Nam học |c Trần Lê Bảo |
| 260 | |a H. |b Đại học Sư phạm |c 2013 | ||
| 300 | |a 287 tr. |c 24 cm. | ||
| 504 | |a Thư mục cuối trang | ||
| 520 | 3 | |a Khái quát về khu vực học và Việt Nam học. Việt Nam học trong tiến trình lịch sử và trong con mắt người nước ngoài. Những gợi ý về tổ chức học tập bộ môn này | |
| 650 | 0 | 4 | |a Việt Nam học |v Giáo trình |
| 650 | 0 | 4 | |a Khu vực học |v Giáo trình |x Lịch sử |z Việt Nam |
| 653 | |a Việt Nam học | ||
| 653 | |a Khu vực học | ||
| 653 | |a Lịch sử | ||
| OWN | |a LSP | ||
| AVA | |a UDN50 |b LSP |d 959 TR-B |e available |t Error 5001 Not defined in file expand_doc_bib_avail. |f 4 |g 0 |h N |i 2 |k 1 | ||
| 999 | |a From the UDN01 | ||
| AVA | |a UDN50 |b LSP |d 959 TR-B |e available |t Error 5001 Not defined in file expand_doc_bib_avail. |f 4 |g 0 |h N |i 2 |k 1 | ||
| TYP | |a Monograph | ||
| TYP | |a Printed language | ||
| 980 | |a Mạng thư viện Đại học Đà Nẵng | ||